书目信息 |
| 题名: |
生态文明建设的云南模式研究
|
|
| 作者: | 周琼, 主编 | |
| 分册: | ||
| 出版信息: | 北京 科学出版社 2019.11 |
|
| 页数: | xi, 369页 | |
| 开本: | 26cm | |
| 丛书名: | 生态文明建设的云南模式研究丛书 | |
| 单 册: | ||
| 中图分类: | X321.274 | |
| 科图分类: | ||
| 主题词: | 生态环境建设--sheng tai huan jing jian she--研究--云南 | |
| 电子资源: | ||
| ISBN: | 978-7-03-062814-5 | |
| 000 | 01729nam 2200289 450 | |
| 001 | 202020140463 | |
| 005 | 20200926181352.0 | |
| 010 | @a978-7-03-062814-5@dCNY98.00 | |
| 100 | @a20200918d2019 em y0chiy50 ea | |
| 101 | 0 | @achi |
| 102 | @aCN@b110000 | |
| 105 | @ay a 000yy | |
| 106 | @ar | |
| 200 | 1 | @a生态文明建设的云南模式研究@Asheng tai wen ming jian she de yun nan mo shi yan jiu@f周琼主编 |
| 210 | @a北京@c科学出版社@d2019.11 | |
| 215 | @axi, 369页@d26cm | |
| 225 | 2 | @a生态文明建设的云南模式研究丛书@Asheng tai wen ming jian she de yun nan mo shi yan jiu cong shu |
| 300 | @a本书系云南大学服务云南行动计划“生态文明建设的云南模式研究” (编号: KS161005) ; “边疆治理与生态文明建设调查与研究” (编号: C176210102) ; 第二批“云岭学者”培养项目“中国西南边疆发展环境监测及综合治理研究” (项目编号: 20152018) 阶段性科研成果。 | |
| 314 | @a周琼, 彝族, 1968年生, 云南楚雄人。云南大学特聘教授、二级教授。 | |
| 320 | @a有书目 (第358-367页) | |
| 330 | @a本书立足于云南的地缘区位和资源优势, 明确云南生态文明建设的地位和作用, 积极探索云南本土生态文化发掘及实践模式、云南生态环境的保护与修复模式、云南国土空间开发格局优化模式、云南生态产业发展模式、云南绿色农业发展模式、云南林业绿色发展模式、云南水环境及九大高原湖泊的生态建设模式、云南生态旅游与绿色发展模式, 总结云南生态文明建设的区域实践经验, 并积极探索可推广的创新发展模式, 实现云南本土生态文明建设经验的挖掘、传承, 以及转化、利用和创新, 为中国其他地区生态文明建设提供可参考和借鉴的经验模式。 | |
| 410 | 0 | @12001 @a生态文明建设的云南模式研究丛书 |
| 606 | 0 | @a生态环境建设@Asheng tai huan jing jian she@x研究@y云南 |
| 690 | @aX321.274@v5 | |
| 701 | 0 | @a周琼,@Azhou qiong@f1968-@4主编 |
| 801 | 0 | @aCN@c20191210 |
| 905 | @a河南城建学院图书馆@dX321.274@eZ782 | |
| 生态文明建设的云南模式研究/周琼主编.-北京:科学出版社,2019.11 |
| xi, 369页;26cm.-(生态文明建设的云南模式研究丛书) |
| 本书系云南大学服务云南行动计划“生态文明建设的云南模式研究” (编号: KS161005) ; “边疆治理与生态文明建设调查与研究” (编号: C176210102) ; 第二批“云岭学者”培养项目“中国西南边疆发展环境监测及综合治理研究” (项目编号: 20152018) 阶段性科研成果。 |
| ISBN 978-7-03-062814-5:CNY98.00 |
| 本书立足于云南的地缘区位和资源优势, 明确云南生态文明建设的地位和作用, 积极探索云南本土生态文化发掘及实践模式、云南生态环境的保护与修复模式、云南国土空间开发格局优化模式、云南生态产业发展模式、云南绿色农业发展模式、云南林业绿色发展模式、云南水环境及九大高原湖泊的生态建设模式、云南生态旅游与绿色发展模式, 总结云南生态文明建设的区域实践经验, 并积极探索可推广的创新发展模式, 实现云南本土生态文明建设经验的挖掘、传承, 以及转化、利用和创新, 为中国其他地区生态文明建设提供可参考和借鉴的经验模式。 |
| ● |
| 相关链接 |
|
|
|
正题名:生态文明建设的云南模式研究
索取号:X321.274/Z782
 
预约/预借
| 序号 | 登录号 | 条形码 | 馆藏地/架位号 | 状态 | 备注 |
| 1 | 1490665 | 214906654 | 自科库501/501自科库 66排4列4层/ [索取号:X321.274/Z782] | 在馆 |